[Event "V Floripa Open 2019"]
[Site "Florianopolis"]
[Date "2019.01.22"]
[Round "2.35"]
[White "Moro, Antonio Renato Pere"]
[Black "Teixeira, Ricardo da Silva"]
[Result "1/2-1/2"]
[WhiteElo "1923"]
[BlackElo "2228"]
[PlyCount "48"]
[EventDate "2019.01.21"]
[EventType "swiss"]
[EventRounds "10"]
[EventCountry "BRA"]

1. d4 e6 2. c4 f5 3. Nc3 Nf6 4. Bg5 Be7 5. Bxf6 Bxf6 6. e4 fxe4 7. Qh5+ g6 8. Qh6 d5 9. f3 c5 10. cxd5 cxd4 11. Bb5+ Kf7 12. Nxe4 Qxd5 13. Nh3 Bg7 14. Qf4+ Ke7 15. Qc7+ Bd7 16. Bd3 Be5 17. Qc1 Qa5+ 18. Kf2 h6 19. Re1 Na6 20. a3 Rac8 21. Qd1 g5 22. Kg1 Qd5 23. Qe2 Nb8 24. Nhf2 a6 1/2-1/2

[Event "V Floripa Open 2019"]
[Site "Florianopolis"]
[Date "2019.01.22"]
[Round "2.36"]
[White "Araujo, Adalberto Marcos"]
[Black "Vieira, Jose Renato Braga S"]
[Result "1-0"]
[WhiteElo "2213"]
[BlackElo "1902"]
[PlyCount "53"]
[EventDate "2019.01.21"]
[EventType "swiss"]
[EventRounds "10"]
[EventCountry "BRA"]

1. e4 c5 2. Nf3 d6 3. d4 cxd4 4. Nxd4 Nf6 5. f3 g6 6. c4 Bg7 7. Be3 O-O 8. Nc3 Nc6 9. Qd2 Nxd4 10. Bxd4 Be6 11. Be2 Rc8 12. b3 a6 13. O-O Qa5 14. Rfd1 Qh5 15. Rac1 Bh6 16. f4 Bg4 17. Bxg4 Qxg4 18. Bxf6 Bxf4 19. Nd5 Rfe8 20. Qxf4 Qxf4 21. Nxf4 exf6 22. Rxd6 Rxe4 23. Nd5 Re2 24. Kf1 Re5 25. Re1 Kg7 26. Rxe5 fxe5 27. Rb6 1-0

[Event "V Floripa Open 2019"]
[Site "Florianopolis"]
[Date "2019.01.22"]
[Round "2.37"]
[White "Furmam, Fernando Gustavo"]
[Black "Campelo, Leandro Fabricio"]
[Result "0-1"]
[WhiteElo "1910"]
[BlackElo "2201"]
[PlyCount "42"]
[EventDate "2019.01.21"]
[EventType "swiss"]
[EventRounds "10"]
[EventCountry "BRA"]

1. d4 Nf6 2. c4 g6 3. Nc3 Bg7 4. e4 d6 5. f4 O-O 6. Nf3 c5 7. d5 e6 8. Be2 exd5 9. exd5 Re8 10. O-O a6 11. a4 b6 12. Bd3 Nbd7 13. Qc2 Ng4 14. h3 Ne3 15. Bxe3 Rxe3 16. Ne4 Qe7 17. Kf2 Bd4 18. Nxd4 cxd4 19. g3 Nc5 20. Nxc5 bxc5 21. Kg2 Bf5 0-1

[Event "V Floripa Open 2019"]
[Site "Florianopolis"]
[Date "2019.01.22"]
[Round "2.38"]
[White "Burgos, Marcelo Alves"]
[Black "Vega, Rodrigo"]
[Result "1/2-1/2"]
[WhiteElo "2198"]
[BlackElo "1897"]
[PlyCount "41"]
[EventDate "2019.01.21"]
[EventType "swiss"]
[EventRounds "10"]
[EventCountry "BRA"]

1. Nf3 d5 2. c4 c6 3. e3 Nf6 4. Nc3 e6 5. b3 Bd6 6. Qc2 Nbd7 7. Bb2 Qe7 8. Rg1 e5 9. g4 d4 10. exd4 exd4+ 11. Ne2 c5 12. O-O-O O-O 13. h3 Qe4 14. Qxe4 Nxe4 15. Rg2 b6 16. d3 Nef6 17. g5 Nh5 18. Nd2 Nf4 19. Nxf4 Bxf4 20. Rg4 Bc7 21. Re1 1/2-1/2

[Event "V Floripa Open 2019"]
[Site "Florianopolis"]
[Date "2019.01.22"]
[Round "2.39"]
[White "Cabral, Denrick"]
[Black "Nery Junior, Jose Antonio"]
[Result "0-1"]
[WhiteElo "1903"]
[BlackElo "2188"]
[PlyCount "74"]
[EventDate "2019.01.21"]
[EventType "swiss"]
[EventRounds "10"]
[EventCountry "BRA"]

1. e4 e6 2. d4 c5 3. Nf3 cxd4 4. Nxd4 Nf6 5. Nc3 d6 6. g4 h6 7. h4 Nc6 8. Rg1 h5 9. gxh5 Qa5 10. Rg5 e5 11. Nb3 Qc7 12. Be3 Be6 13. Nd5 Qd7 14. Nxf6+ gxf6 15. Rg1 O-O-O 16. Qf3 Qc7 17. c3 Bh6 18. Bh3 Bxe3 19. fxe3 Qd7 20. O-O-O Bxh3 21. Nc5 dxc5 22. Rxd7 Bxd7 23. Qxf6 Rxh5 24. Qd6 b6 25. Qd3 Kc7 26. b4 cxb4 27. cxb4 Be6 28. Qc3 b5 29. a4 a6 30. a5 Bc4 31. Rg5 Rxh4 32. Rxe5 Rh1+ 33. Kb2 Rd3 34. Re7+ Nxe7 35. Qe5+ Kd7 36. Qc5 Rh2+ 37. Kc1 Bb3 0-1

[Event "V Floripa Open 2019"]
[Site "Florianopolis"]
[Date "2019.01.22"]
[Round "2.40"]
[White "Librelato, Kathie Goulart"]
[Black "Silva, Kaua Marques"]
[Result "1/2-1/2"]
[WhiteElo "2187"]
[BlackElo "1894"]
[PlyCount "70"]
[EventDate "2019.01.21"]
[EventType "swiss"]
[EventRounds "10"]
[EventCountry "BRA"]

1. e4 c5 2. Nc3 Nc6 3. g3 g6 4. Bg2 Bg7 5. d3 e6 6. f4 Nge7 7. Be3 d5 8. Nf3 b6 9. Bf2 Bb7 10. O-O Qd7 11. Qd2 O-O 12. Rae1 Nd4 13. Ng5 f6 14. Nh3 e5 15. Be3 f5 16. Ng5 h6 17. Nh3 Kh7 18. Nd1 Rae8 19. c3 Ne6 20. Kh1 Nd8 21. Ng1 Nf7 22. c4 exf4 23. gxf4 fxe4 24. dxe4 Qe6 25. Qd3 Nc6 26. Nc3 Nb4 27. Qe2 Na6 28. Nxd5 Bxd5 29. exd5 Qc8 30. b3 Nb8 31. Qc2 Nd7 32. Nf3 Nf6 33. Nd2 Ng4 34. Bg1 Qd8 35. Qd3 Nf6 1/2-1/2

[Event "V Floripa Open 2019"]
[Site "Florianopolis"]
[Date "2019.01.22"]
[Round "2.41"]
[White "Hubner, Jessica Trindade"]
[Black "Barbosa, Fernando"]
[Result "0-1"]
[WhiteElo "1899"]
[BlackElo "2182"]
[PlyCount "66"]
[EventDate "2019.01.21"]
[EventType "swiss"]
[EventRounds "10"]
[EventCountry "BRA"]

1. e4 e6 2. d3 c5 3. f4 d5 4. Nd2 Nc6 5. Ngf3 f5 6. e5 Nge7 7. g3 d4 8. Bg2 Nd5 9. Nf1 Be7 10. Qe2 b5 11. Bd2 Bb7 12. h3 Qb6 13. c3 a5 14. N1h2 a4 15. cxd4 a3 16. b3 cxd4 17. O-O O-O 18. Ne1 Ncb4 19. Nhf3 Rac8 20. Kh2 Nc3 21. Bxc3 Rxc3 22. Rd1 Rfc8 23. Rd2 Nd5 24. Rf2 Ne3 25. Bh1 R3c7 26. Bg2 Bb4 27. Rd1 Nxd1 28. Qxd1 Rc1 29. Qe2 Bxe1 30. Nxe1 Bxg2 31. Rxg2 Rb1 32. Qd2 Rcc1 33. Re2 Qc6 0-1

[Event "V Floripa Open 2019"]
[Site "Florianopolis"]
[Date "2019.01.22"]
[Round "2.42"]
[White "Bueno, Alfeu Junior Varela"]
[Black "Farias, Edilsom"]
[Result "1-0"]
[WhiteElo "2179"]
[BlackElo "1892"]
[PlyCount "99"]
[EventDate "2019.01.21"]
[EventType "swiss"]
[EventRounds "10"]
[EventCountry "BRA"]

1. e4 c6 2. d4 d5 3. f3 e6 4. Nc3 b6 5. Bf4 Nf6 6. Qd2 Be7 7. O-O-O Ba6 8. Bxa6 Nxa6 9. g4 Nc7 10. Nge2 b5 11. g5 Nd7 12. Bxc7 Qxc7 13. exd5 cxd5 14. Nxb5 Qb7 15. Nbc3 Nb6 16. b3 Ba3+ 17. Kb1 Nc4 18. Qd3 Rb8 19. Na4 O-O 20. Ka1 Nb6 21. Nec3 Nxa4 22. Nxa4 Rfc8 23. h4 Qc7 24. c3 Qf4 25. Rdg1 a5 26. h5 Rc7 27. Rg4 Qd6 28. f4 Rbc8 29. Re1 Rc6 30. Qe3 Qc7 31. h6 g6 32. Qe5 Qxe5 33. fxe5 R6c7 34. Rg3 Rb8 35. Rb1 Rbc8 36. Rf1 Be7 37. Kb2 Rb8 38. a3 Rbb7 39. b4 axb4 40. cxb4 Rc4 41. Rd1 Kf8 42. Rc1 Rbc7 43. Nc5 Rxc1 44. Kxc1 Ra7 45. Kb2 Ke8 46. Kb3 Bd8 47. a4 Ra8 48. a5 Rb8 49. Ka4 Be7 50. b5 1-0

[Event "V Floripa Open 2019"]
[Site "Florianopolis"]
[Date "2019.01.22"]
[Round "2.43"]
[White "Marques, Eudes Pinto"]
[Black "Viana, Dirceu"]
[Result "0-1"]
[WhiteElo "1896"]
[BlackElo "2173"]
[PlyCount "51"]
[EventDate "2019.01.21"]
[EventType "swiss"]
[EventRounds "10"]
[EventCountry "BRA"]

1. Nf3 d6 2. c4 e5 3. Nc3 f5 4. e4 Nf6 5. Qc2 g6 6. d4 Nc6 7. dxe5 dxe5 8. Bg5 Bb4 9. Bd3 h6 10. Bxf6 Qxf6 11. O-O-O Bxc3 12. Qxc3 f4 13. c5 a6 14. Bc4 Bd7 15. Rd2 O-O-O 16. Rhd1 Bg4 17. Rxd8+ Rxd8 18. Rxd8+ Kxd8 19. Qd3+ Kc8 20. h3 Bxf3 21. Qxf3 h5 22. Qc3 Qg5 23. Be6+ Kb8 24. f3 Qxg2 25. b4 Nd4 26. Bd7 0-1

[Event "V Floripa Open 2019"]
[Site "Florianopolis"]
[Date "2019.01.22"]
[Round "2.44"]
[White "De Oliveira, Guilherme Alfredo B"]
[Black "Borges, Guilherme Deola"]
[Result "0-1"]
[WhiteElo "1893"]
[BlackElo "2171"]
[PlyCount "80"]
[EventDate "2019.01.21"]
[EventType "swiss"]
[EventRounds "10"]
[EventCountry "BRA"]

1. d4 Nf6 2. c4 c5 3. Nf3 cxd4 4. Nxd4 e5 5. Nc2 b5 6. Bg5 b4 7. e4 Bc5 8. Qf3 Nc6 9. Nd2 Bb7 10. O-O-O a5 11. Nb3 Be7 12. Bxf6 gxf6 13. g3 a4 14. Nd2 Qb6 15. Bh3 Na5 16. b3 Bc6 17. Rhf1 Nb7 18. Qe3 Nc5 19. f4 d6 20. Kb2 Qa7 21. Ra1 Qb7 22. Bf5 Ra5 23. fxe5 dxe5 24. h4 h5 25. Qf3 Ra8 26. g4 hxg4 27. Qxg4 Nd3+ 28. Kb1 Nf4 29. Ne3 Qa7 30. Nd5 Qd4 31. Nxf4 Qxd2 32. Qe2 Qxe2 33. Nxe2 Rxh4 34. Ng3 Bc5 35. Kc1 axb3 36. Kd2 Rh2+ 37. Ne2 Rxa2+ 38. Rxa2 bxa2 39. Kd3 Rxe2 40. Kxe2 Bd4 0-1

[Event "V Floripa Open 2019"]
[Site "Florianopolis"]
[Date "2019.01.22"]
[Round "2.45"]
[White "Zampronha, Wladimir Camilo"]
[Black "Silva Junior, Marcelo Valeriano"]
[Result "1-0"]
[WhiteElo "2171"]
[BlackElo "1891"]
[PlyCount "57"]
[EventDate "2019.01.21"]
[EventType "swiss"]
[EventRounds "10"]
[EventCountry "BRA"]

1. e4 e5 2. Nf3 Nc6 3. d4 exd4 4. Nxd4 Nxd4 5. Qxd4 d6 6. Nc3 Nf6 7. Bc4 Be7 8. O-O O-O 9. Re1 h6 10. Bf4 Bd7 11. Rad1 Bc6 12. Nd5 Bxd5 13. exd5 Nh5 14. Bc1 Bg5 15. f4 Bf6 16. Qe4 g6 17. g4 Ng7 18. Qf3 Re8 19. Kg2 Qd7 20. h3 Bh4 21. Rxe8+ Rxe8 22. Bd3 Re7 23. f5 gxf5 24. gxf5 f6 25. Bxh6 Kh7 26. Qg4 Be1 27. Qg6+ Kh8 28. Qxf6 Qe8 29. Rxe1 1-0

[Event "V Floripa Open 2019"]
[Site "Florianopolis"]
[Date "2019.01.22"]
[Round "2.46"]
[White "Vieira, Rodrigo Chagas"]
[Black "Madeira, Wagner Martins"]
[Result "0-1"]
[WhiteElo "1892"]
[BlackElo "2170"]
[PlyCount "74"]
[EventDate "2019.01.21"]
[EventType "swiss"]
[EventRounds "10"]
[EventCountry "BRA"]

1. e4 c5 2. Nf3 Nc6 3. c3 Nf6 4. Bd3 d6 5. h3 e6 6. O-O Be7 7. Bc2 O-O 8. d4 cxd4 9. Nxd4 Bd7 10. Nd2 a6 11. N2f3 Qc7 12. Bg5 Rac8 13. Rc1 Rfd8 14. Qd3 Ne5 15. Qd1 Be8 16. Re1 Qa5 17. Bb3 Kh8 18. Bh4 b5 19. g4 Nc4 20. Rc2 d5 21. e5 Ng8 22. g5 b4 23. Qd3 bxc3 24. bxc3 Na3 25. Rcc1 Ba4 26. Nh2 Nb5 27. Nxb5 Bxb5 28. Qf3 Rf8 29. Ng4 Ba3 30. Rc2 d4 31. Nf6 gxf6 32. gxf6 Nh6 33. Kh2 Nf5 34. Qh5 Rg8 35. Bxe6 Bc6 36. Bxf5 Rg2+ 37. Kh1 Rg5+ 0-1

[Event "V Floripa Open 2019"]
[Site "Florianopolis"]
[Date "2019.01.22"]
[Round "2.47"]
[White "Starke, Bruno Orlando"]
[Black "Crul, Otavio Augusto Barr"]
[Result "1-0"]
[WhiteElo "2170"]
[BlackElo "1890"]
[PlyCount "93"]
[EventDate "2019.01.21"]
[EventType "swiss"]
[EventRounds "10"]
[EventCountry "BRA"]

1. c4 d6 2. Nc3 Nf6 3. d4 e5 4. Nf3 Nbd7 5. g3 Be7 6. Bg2 O-O 7. O-O c6 8. e4 a6 9. d5 Qc7 10. h3 cxd5 11. cxd5 b5 12. Ne1 Nb6 13. Nd3 Nfd7 14. Bd2 Nc4 15. Be1 f5 16. b3 Ncb6 17. exf5 Rxf5 18. Rc1 Qa7 19. Nb4 Bb7 20. Nc6 Bxc6 21. dxc6 Nc5 22. Nd5 Re8 23. Nxb6 Qxb6 24. Bd5+ Kh8 25. b4 Na4 26. c7 Rff8 27. Be6 Qb7 28. c8=Q Rxc8 29. Bxc8 Rxc8 30. Rxc8+ Qxc8 31. Qd5 h6 32. Bd2 Nb6 33. Qf7 Qf8 34. Qxf8+ Bxf8 35. f4 e4 36. Rd1 Nc4 37. Kf2 Kg8 38. Bc3 Nb2 39. Rd4 Nd3+ 40. Ke2 d5 41. a3 a5 42. Bd2 axb4 43. axb4 Kf7 44. Rxd5 Nxb4 45. Bxb4 Bxb4 46. Rxb5 Bd6 47. Ke3 1-0

[Event "V Floripa Open 2019"]
[Site "Florianopolis"]
[Date "2019.01.22"]
[Round "2.48"]
[White "Souza dos Santos, Matheus Garcett"]
[Black "De Lima, Alexsandro Barros"]
[Result "0-1"]
[WhiteElo "1891"]
[BlackElo "2168"]
[PlyCount "70"]
[EventDate "2019.01.21"]
[EventType "swiss"]
[EventRounds "10"]
[EventCountry "BRA"]

1. e4 c5 2. Nf3 e6 3. d4 cxd4 4. Nxd4 a6 5. c4 Nf6 6. Bd3 Qc7 7. O-O Nc6 8. Be3 Bd6 9. h3 Bh2+ 10. Kh1 Bf4 11. Qf3 Bxe3 12. Qxe3 d6 13. Nc3 Bd7 14. Rac1 O-O 15. f4 Rfe8 16. Nf3 e5 17. f5 Nb4 18. Be2 Qc5 19. Qd2 Nxa2 20. Nxa2 Nxe4 21. Qe1 Qe3 22. g4 Qxe2 23. Qh4 Nd2 24. Nxd2 Qxd2 25. Rf2 Bc6+ 26. Kg1 Qe3 27. Kh2 f6 28. Rg1 h6 29. Nc3 b5 30. cxb5 axb5 31. Nd1 Qd4 32. Qg3 Ra1 33. h4 Rxd1 34. Qb3+ Bd5 35. Qxd1 Qxf2+ 0-1

[Event "V Floripa Open 2019"]
[Site "Florianopolis"]
[Date "2019.01.22"]
[Round "2.49"]
[White "Kruger, Israel"]
[Black "Filgueiras, Nathan Felipe"]
[Result "1/2-1/2"]
[WhiteElo "1890"]
[BlackElo "2161"]
[PlyCount "150"]
[EventDate "2019.01.21"]
[EventType "swiss"]
[EventRounds "10"]
[EventCountry "BRA"]

1. e4 c5 2. Nf3 Nc6 3. d4 cxd4 4. Nxd4 Nf6 5. Nxc6 bxc6 6. Bd3 d6 7. c4 g6 8. Nc3 Bg7 9. Bg5 h6 10. Be3 Ng4 11. Bf4 Qb6 12. Qd2 O-O 13. O-O g5 14. Bg3 Ne5 15. Rac1 Rb8 16. b3 Rd8 17. Bb1 Ba6 18. Kh1 Ng6 19. Ne2 e5 20. f3 Qb7 21. Rfd1 Nf4 22. Nc3 Ne6 23. Bf2 Nd4 24. Ne2 Nxe2 25. Qxe2 d5 26. exd5 cxd5 27. Qc2 d4 28. Qh7+ Kf8 29. Be4 Qe7 30. c5 Rdc8 31. c6 Rb6 32. Qf5 Qe6 33. Qxe6 fxe6 34. Be1 Kf7 35. Ba5 Rb5 36. b4 Bf8 37. Rb1 Bd6 38. a4 Rxa5 39. bxa5 Bc7 40. Kg1 Ke7 41. Kf2 Bxa5 42. Rb3 Kd6 43. Rc1 h5 44. h3 h4 45. Rc2 Bb6 46. Ke1 Ba5+ 47. Kf2 Bb6 48. Ke1 Ba5+ 49. Kd1 Bb6 50. Kd2 Kc7 51. Kc1 Rd8 52. a5 Bxa5 53. Ra3 Kb6 54. Rb2+ Bb5 55. Rba2 Bb4 56. Rxa7 d3 57. Rb7+ Kc5 58. Bxd3 Rxd3 59. c7 Rc3+ 60. Rc2 Rxc2+ 61. Kxc2 Bd7 62. c8=Q+ Bxc8 63. Rc7+ Kd4 64. Rxc8 Be1 65. Kd1 Bg3 66. Ke2 e4 67. fxe4 Kxe4 68. Rc4+ Kf5 69. Kf3 Bf4 70. Rc5+ e5 71. Rc4 Bg3 72. Ra4 Bf4 73. Ra8 e4+ 74. Ke2 Ke5 75. Ra5+ Kd4 1/2-1/2

[Event "V Floripa Open 2019"]
[Site "Florianopolis"]
[Date "2019.01.22"]
[Round "2.50"]
[White "Araujo, Everson De Moura"]
[Black "Almeida, Gianluca Jorio"]
[Result "1/2-1/2"]
[WhiteElo "1884"]
[BlackElo "2157"]
[PlyCount "112"]
[EventDate "2019.01.21"]
[EventType "swiss"]
[EventRounds "10"]
[EventCountry "BRA"]

1. c4 Nf6 2. Nc3 e6 3. Nf3 c5 4. e3 d5 5. cxd5 exd5 6. d4 Nc6 7. Be2 Be7 8. O-O O-O 9. dxc5 Bxc5 10. b3 a6 11. Bb2 Ba7 12. Rc1 Re8 13. Qd3 Bg4 14. Rfd1 Qe7 15. a3 Rad8 16. h3 Bh5 17. b4 d4 18. exd4 Nxd4 19. Nxd4 Rxd4 20. Qc2 Bxe2 21. Re1 Re4 22. Nxe4 Qxe4 23. Qxe4 Rxe4 24. Rc2 Bc4 25. Rxe4 Nxe4 26. Rxc4 Bxf2+ 27. Kh2 Bg3+ 28. Kh1 f5 29. Bd4 h5 30. Rc8+ Kf7 31. Rh8 h4 32. Rh7 Nf6 33. Bxf6 Kxf6 34. Rh8 Ke6 35. Rd8 Bf4 36. Kg1 Bc1 37. Rd3 g5 38. Kf2 Ke5 39. Kf3 b5 40. Rc3 Bb2 41. Rc6 Bxa3 42. Rxa6 Bxb4 43. Rb6 Bc5 44. Rxb5 Kd5 45. Rb8 Ke5 46. Re8+ Kf6 47. Rc8 Bd4 48. Rc6+ Kf7 49. Ke2 Be5 50. Ke3 Ke7 51. Ra6 Kf7 52. Kd3 Bf6 53. Ke3 Be5 54. Kf3 Ke7 55. Rc6 Kf7 56. Ra6 Ke7 1/2-1/2

[Event "V Floripa Open 2019"]
[Site "Florianopolis"]
[Date "2019.01.22"]
[Round "2.51"]
[White "Borges, Wagner da Silva"]
[Black "Almeida, Heidy Jose Moreira "]
[Result "1/2-1/2"]
[WhiteElo "2156"]
[BlackElo "1886"]
[PlyCount "151"]
[EventDate "2019.01.21"]
[EventType "swiss"]
[EventRounds "10"]
[EventCountry "BRA"]

1. d4 Nf6 2. Nf3 g6 3. g3 d5 4. Bg2 Bg7 5. O-O O-O 6. c4 c6 7. b3 dxc4 8. bxc4 c5 9. e3 cxd4 10. exd4 Nc6 11. Bb2 Qb6 12. Qb3 Nd7 13. Nbd2 Nxd4 14. Nxd4 Bxd4 15. Bxd4 Qxd4 16. Nf3 Qf6 17. Rad1 Nc5 18. Qe3 b6 19. Ne5 Rb8 20. Nc6 Rb7 21. Nb4 e6 22. Bxb7 Bxb7 23. f3 Rc8 24. Rd2 a5 25. Nc2 Ba6 26. Na3 Na4 27. Rc1 Qf5 28. Kg2 Qc5 29. Qb3 b5 30. Rcd1 b4 31. Qxa4 bxa3 32. Rd8+ Rxd8 33. Rxd8+ Kg7 34. Rd3 Bxc4 35. Qxa3 Qb5 36. Qc3+ e5 37. Rd2 Bf1+ 38. Kg1 Bh3 39. Qc1 Qb6+ 40. Kh1 Qe3 41. Qd1 e4 42. Qe2 Qc5 43. fxe4 h5 44. Qd3 Kh7 45. Qd4 Qc1+ 46. Rd1 Qc2 47. Qd2 Qxe4+ 48. Kg1 Qe5 49. Qf2 Be6 50. Re1 Qd5 51. a3 a4 52. Re3 Qd1+ 53. Qe1 Qd4 54. Qc3 Qd1+ 55. Re1 Qd7 56. Qf6 Qa7+ 57. Qf2 Qd7 58. Qf4 Kg7 59. Qe5+ Kh7 60. Qc5 Bh3 61. Qf2 Be6 62. Rc1 Qb7 63. h4 Qe7 64. Qe3 Qd6 65. Kh2 Qd5 66. Rf1 Qc4 67. Rf4 Qc2+ 68. Qf2 Qb3 69. Rf3 Qd5 70. Rc3 Qd6 71. Qf4 Qd1 72. Rc7 Qe2+ 73. Kg1 Qe1+ 74. Kh2 Qe2+ 75. Kg1 Qe1+ 76. Kh2 1/2-1/2

[Event "V Floripa Open 2019"]
[Site "Florianopolis"]
[Date "2019.01.22"]
[Round "2.52"]
[White "Belmonte, Adriel"]
[Black "Luz, Arthur Nader"]
[Result "1-0"]
[WhiteElo "1879"]
[BlackElo "2154"]
[PlyCount "133"]
[EventDate "2019.01.21"]
[EventType "swiss"]
[EventRounds "10"]
[EventCountry "BRA"]

1. d4 Nf6 2. c4 g6 3. Nc3 Bg7 4. g3 O-O 5. Bg2 d6 6. Nf3 Nbd7 7. O-O e5 8. dxe5 dxe5 9. h3 c6 10. Bg5 Qc7 11. Qc2 Nc5 12. g4 Ne6 13. Bh4 Nf4 14. Bg3 Nd7 15. Rad1 Nxg2 16. Kxg2 Re8 17. Ne4 Nf8 18. Nd6 Re7 19. Ng5 Bd7 20. Nge4 h6 21. Bh4 Re6 22. Rd3 c5 23. Rfd1 Bc6 24. Kg1 b6 25. Rf3 Bxe4 26. Qxe4 Rxd6 27. Rxd6 Qxd6 28. Qxa8 g5 29. Bg3 Qe7 30. Qc8 e4 31. Rf5 Bxb2 32. Rd5 Bg7 33. Bd6 Qe6 34. Qxe6 Nxe6 35. Be5 Nd4 36. Bxd4 cxd4 37. Rd8+ Kh7 38. Kf1 Kg6 39. Rd6+ Bf6 40. Ke1 Kg7 41. Rd7 a6 42. Rb7 Bd8 43. Rb8 Bc7 44. Re8 e3 45. fxe3 dxe3 46. Rxe3 Bd6 47. Kd1 Kf6 48. Kc2 Be5 49. Ra3 a5 50. Rd3 Ke6 51. Rd8 Ba1 52. Rd5 Be5 53. e4 Bd6 54. Kb3 Bc5 55. Ka4 Bg1 56. Kb5 Be3 57. Kc6 a4 58. Kb5 a3 59. Kb4 Bc1 60. Rb5 f6 61. Rd5 Ke7 62. Kb5 Be3 63. Kc6 Ke6 64. Rb5 Ke7 65. Rxb6 Bxb6 66. Kxb6 Kd6 67. c5+ 1-0

[Event "V Floripa Open 2019"]
[Site "Florianopolis"]
[Date "2019.01.22"]
[Round "2.53"]
[White "Do Valle Cardoso, Lucas"]
[Black "Frankental, David"]
[Result "1-0"]
[WhiteElo "2143"]
[BlackElo "1886"]
[PlyCount "81"]
[EventDate "2019.01.21"]
[EventType "swiss"]
[EventRounds "10"]
[EventCountry "BRA"]

1. Nf3 d5 2. g3 Nf6 3. Bg2 g6 4. c4 c6 5. b3 Bg7 6. Bb2 b6 7. O-O O-O 8. d3 Bb7 9. Nbd2 Nbd7 10. Qc2 Rc8 11. Rfd1 Re8 12. Rac1 e5 13. e3 c5 14. cxd5 Nxd5 15. Qb1 Qe7 16. a3 N5f6 17. Nc4 e4 18. Ng5 b5 19. Nd2 h6 20. Ngxe4 Nxe4 21. Bxe4 Bxe4 22. Nxe4 Bxb2 23. Qxb2 c4 24. bxc4 bxc4 25. Qb4 Qxb4 26. axb4 cxd3 27. Rxc8 Rxc8 28. Rxd3 Ne5 29. Rd5 Nf3+ 30. Kg2 Ne1+ 31. Kf1 Nc2 32. b5 Rb8 33. Rc5 Na3 34. Nc3 Rb6 35. Ke2 a6 36. Rc6 Rb8 37. bxa6 Nc2 38. a7 Ra8 39. Nd5 Na3 40. Rc8+ Rxc8 41. Ne7+ 1-0

[Event "V Floripa Open 2019"]
[Site "Florianopolis"]
[Date "2019.01.22"]
[Round "2.54"]
[White "Araujo, Jose Roberto"]
[Black "Bonvini, Alberto Tonhati"]
[Result "1-0"]
[WhiteElo "2142"]
[BlackElo "1880"]
[PlyCount "125"]
[EventDate "2019.01.21"]
[EventType "swiss"]
[EventRounds "10"]
[EventCountry "BRA"]

1. e4 e5 2. Nc3 Nc6 3. g3 Bc5 4. Bg2 d6 5. Nge2 Nf6 6. d3 Be6 7. Na4 Bb6 8. Nxb6 axb6 9. c4 Qd7 10. h3 Nb4 11. Be3 b5 12. Qb3 Na6 13. Qxb5 Qxb5 14. cxb5 Nb4 15. Kd2 Rxa2 16. Kc3 Rxa1 17. Rxa1 Na2+ 18. Kd2 O-O 19. d4 exd4 20. Nxd4 Nb4 21. Nxe6 fxe6 22. Kc3 c5 23. Rd1 Rd8 24. Bxc5 Nbd5+ 25. exd5 dxc5 26. Kc4 b6 27. Bf3 exd5+ 28. Bxd5+ Kf8 29. Bf3 Rxd1 30. Bxd1 Ke7 31. f4 Kd6 32. Bf3 h6 33. Kd3 Ke6 34. Ke3 Ne8 35. Bc6 Nd6 36. b3 Nf5+ 37. Kf3 Nd4+ 38. Ke4 Ne2 39. g4 Nc3+ 40. Kd3 Na2 41. Bf3 Nb4+ 42. Ke4 g5 43. f5+ Kf6 44. Ke3 Ke5 45. Kd2 Na2 46. Be2 Nb4 47. Bc4 Kf6 48. Ke3 Ke5 49. f6 Kxf6 50. Ke4 Nc2 51. Kd5 Ke7 52. Kc6 Nd4+ 53. Kxb6 Kd6 54. Ka7 Kd7 55. Kb7 Kd6 56. Kc8 h5 57. gxh5 g4 58. hxg4 Nf3 59. h6 Ne5 60. h7 Ng6 61. Bf7 Ne5 62. h8=Q Nc4 63. Qf6# 1-0

[Event "V Floripa Open 2019"]
[Site "Florianopolis"]
[Date "2019.01.22"]
[Round "2.55"]
[White "Teshima, Ricardo Yoshida"]
[Black "Calcado, Acyr Rogerio"]
[Result "1-0"]
[WhiteElo "1879"]
[BlackElo "2141"]
[PlyCount "71"]
[EventDate "2019.01.21"]
[EventType "swiss"]
[EventRounds "10"]
[EventCountry "BRA"]

1. e4 e5 2. Nf3 Nc6 3. Bc4 Nf6 4. d3 Be7 5. O-O O-O 6. Re1 d6 7. a4 Na5 8. Ba2 c5 9. Na3 Nc6 10. Nc4 h6 11. Ne3 Be6 12. c3 Re8 13. Bd5 Bf8 14. h3 Bxd5 15. exd5 Ne7 16. c4 Qd7 17. Nd2 Ng6 18. Ne4 Nh7 19. Qg4 Qxg4 20. hxg4 Nf4 21. Ra3 Ng5 22. Kf1 Nxd3 23. Nxg5 Nxe1 24. Ne4 Nxg2 25. Kxg2 Rad8 26. Nf5 Be7 27. Rg3 f6 28. Rb3 Rd7 29. Bd2 Kf7 30. a5 Rh8 31. Rxb7 Rxb7 32. Nfxd6+ Kg6 33. Nxb7 Rb8 34. a6 f5 35. gxf5+ Kxf5 36. d6 1-0

[Event "V Floripa Open 2019"]
[Site "Florianopolis"]
[Date "2019.01.22"]
[Round "2.56"]
[White "Resende, Lucas B. Massucato"]
[Black "De Carvalho, Christopher"]
[Result "0-1"]
[WhiteElo "1876"]
[BlackElo "2131"]
[PlyCount "106"]
[EventDate "2019.01.21"]
[EventType "swiss"]
[EventRounds "10"]
[EventCountry "BRA"]

1. d4 Nf6 2. c4 e6 3. Nc3 Bb4 4. a3 Bxc3+ 5. bxc3 b6 6. e3 Bb7 7. f3 Nc6 8. Bd3 Na5 9. e4 d6 10. Ne2 Ba6 11. O-O Qd7 12. e5 dxe5 13. dxe5 Ng8 14. Be4 O-O-O 15. Bg5 f6 16. exf6 gxf6 17. Bh4 Bxc4 18. Nd4 c5 19. Nc2 Qb5 20. Qe1 Bxf1 21. Qxf1 Qxf1+ 22. Rxf1 Rd7 23. Ne3 f5 24. Bb1 Ne7 25. Ba2 Ng6 26. Bf6 Rf8 27. Bg5 Re8 28. Nc4 Nxc4 29. Bxc4 Rd6 30. Ba6+ Kc7 31. Bb5 Ra8 32. Ba6 Rf8 33. Bh6 Rf7 34. h4 e5 35. Bc4 Rfd7 36. Bb5 Nxh4 37. Bg5 Nxg2 38. Bxd7 Kxd7 39. Kxg2 Rg6 40. Rd1+ Kc6 41. f4 exf4 42. Kf3 Rxg5 43. Kxf4 Rh5 44. Ke5 Rh3 45. c4 Re3+ 46. Kxf5 Rc3 47. Rh1 Rxc4 48. Rxh7 a6 49. Rh3 Kb5 50. Ke5 Rd4 51. Rb3+ Ka5 52. Rh3 Rd2 53. Ke4 c4 0-1

[Event "V Floripa Open 2019"]
[Site "Florianopolis"]
[Date "2019.01.22"]
[Round "2.57"]
[White "Pirola, Claudionor Alcides "]
[Black "Leon Lopes, Sergio Amadeus"]
[Result "1-0"]
[WhiteElo "2130"]
[BlackElo "1879"]
[PlyCount "83"]
[EventDate "2019.01.21"]
[EventType "swiss"]
[EventRounds "10"]
[EventCountry "BRA"]

1. e4 e5 2. Nf3 Nf6 3. Nc3 Nc6 4. d4 exd4 5. Nxd4 Bb4 6. Nxc6 bxc6 7. Bd3 d5 8. exd5 cxd5 9. O-O O-O 10. h3 h6 11. Qf3 c6 12. Bf4 Bd6 13. b3 Bxf4 14. Qxf4 Be6 15. Na4 Qa5 16. c4 Qb4 17. Rac1 Rac8 18. Bf5 c5 19. g4 Rfe8 20. Rc3 Bxf5 21. Qxf5 d4 22. Rc2 Rc6 23. Nb2 g6 24. Qf3 Rce6 25. Nd3 Qb6 26. Nf4 Re4 27. Re2 Rxe2 28. Nxe2 Qe6 29. Nf4 Qa6 30. Nd3 Nd7 31. Qd5 Qe6 32. Re1 Qxe1+ 33. Nxe1 Rxe1+ 34. Kg2 Ne5 35. b4 d3 36. bxc5 d2 37. c6 Nxc4 38. c7 Nb6 39. Qxd2 Re8 40. Qd8 Kf8 41. a4 Nc8 42. a5 1-0

[Event "V Floripa Open 2019"]
[Site "Florianopolis"]
[Date "2019.01.22"]
[Round "2.58"]
[White "Cordioli, Jairo Ribeiro"]
[Black "Dos Santos Junior, Haroldo Cunha"]
[Result "0-1"]
[WhiteElo "1872"]
[BlackElo "2129"]
[PlyCount "56"]
[EventDate "2019.01.21"]
[EventType "swiss"]
[EventRounds "10"]
[EventCountry "BRA"]

1. d4 d5 2. c4 c6 3. Nf3 Nf6 4. Nc3 Bf5 5. e3 e6 6. Bd3 Bg6 7. O-O Nbd7 8. Ne5 Nxe5 9. dxe5 Nd7 10. f4 Nc5 11. Bxg6 hxg6 12. b4 Nd7 13. cxd5 cxd5 14. Nxd5 exd5 15. Qxd5 Qb6 16. Bb2 Bxb4 17. Bd4 Qc6 18. Qb3 Bc5 19. Rac1 b6 20. Rc2 O-O 21. Kh1 a5 22. a4 Rac8 23. f5 gxf5 24. Rxf5 Qe6 25. Qd3 Rfd8 26. Qf1 Bxd4 27. Rxc8 Rxc8 28. exd4 Qxf5 0-1